Las empresas "multinacionales" y América Latina /
Збережено в:
| Автор: | |
|---|---|
| Формат: | Текст |
| Предмети: | |
| Теги: |
Додати тег
Немає тегів, Будьте першим, хто поставить тег для цього запису!
|
MARC
| LEADER | 00000 a a2200000 04500 | ||
|---|---|---|---|
| 001 | 41660 | ||
| 003 | |||
| 040 | |||
| 100 | |a Chapoy, Alma | ||
| 245 | |a Las empresas "multinacionales" y América Latina / |c Alma Chapoy | ||
| 650 | |a EMPRESAS TRANSNACIONALES | ||
| 650 | |a CAPITALISMO | ||
| 650 | |a COMERCIO INTERNACIONAL | ||
| 650 | |a PAISES CAPITALISTAS | ||
| 650 | |a CAPITAL | ||
| 773 | |g volumen3, número12 ( , 1972), páginas 53-86 | ||
| 999 | |c 38542 |d 38542 | ||
